Letterhead + logo design 5. (Record no. 26740)
[ view plain ]
| 000 -LEADER | |
|---|---|
| fixed length control field | 01219cam a22003257a 4500 |
| 001 - CONTROL NUMBER | |
| control field | 14427935 |
| 005 - DATE AND TIME OF LATEST TRANSACTION | |
| control field | 20170206104242.0 |
| 008 - FIXED-LENGTH DATA ELEMENTS--GENERAL INFORMATION | |
| fixed length control field | 060626s2002 maua 001 0 eng d |
| 010 ## - LIBRARY OF CONGRESS CONTROL NUMBER | |
| LC control number | 2006278495 |
| 020 ## - INTERNATIONAL STANDARD BOOK NUMBER | |
| International Standard Book Number | 1564968782 |
| 035 ## - SYSTEM CONTROL NUMBER | |
| System control number | (OCoLC)ocm49778023 |
| 040 ## - CATALOGING SOURCE | |
| Original cataloging agency | JJG |
| Transcribing agency | JJG |
| Modifying agency | URC |
| -- | OCLCQ |
| -- | BAKER |
| -- | DLC |
| 042 ## - AUTHENTICATION CODE | |
| Authentication code | lccopycat |
| 050 00 - LIBRARY OF CONGRESS CALL NUMBER | |
| Classification number | NC1002.L47 |
| Item number | L473 2002 |
| 245 00 - TITLE STATEMENT | |
| Title | Letterhead + logo design 5. |
| 246 3# - VARYING FORM OF TITLE | |
| Title proper/short title | Letterhead + logo design five. |
| 246 3# - VARYING FORM OF TITLE | |
| Title proper/short title | Letterhead and logo design 5 |
| 246 3# - VARYING FORM OF TITLE | |
| Title proper/short title | Letterhead & logo design 5 |
| 250 ## - EDITION STATEMENT | |
| Edition statement | 1st. paperback ed. |
| 260 ## - PUBLICATION, DISTRIBUTION, ETC. (IMPRINT) | |
| Place of publication, distribution, etc. | Gloucester, Mass. : |
| Name of publisher, distributor, etc. | Rockport, |
| Date of publication, distribution, etc. | 2002. |
| 300 ## - PHYSICAL DESCRIPTION | |
| Extent | 192 p. : |
| Other physical details | ill. (chiefly col.) ; |
| Dimensions | 29 cm. |
| 500 ## - GENERAL NOTE | |
| General note | Includes index. |
| 650 #0 - SUBJECT ADDED ENTRY--TOPICAL TERM | |
| Topical term or geographic name as entry element | Letterheads |
| General subdivision | Design. |
| 650 #0 - SUBJECT ADDED ENTRY--TOPICAL TERM | |
| Topical term or geographic name as entry element | Logos (Symbols) |
| General subdivision | Design. |
| 942 ## - ADDED ENTRY ELEMENTS (KOHA) | |
| Source of classification or shelving scheme | |
| Koha item type | Hard Covered Materials |
| Classification part | NC1002.L47L473 2002 |
| Withdrawn status | Lost status | Source of classification or shelving scheme | Damaged status | Not for loan | Home library | Current library | Shelving location | Date acquired | Source of acquisition | Total Checkouts | Full call number | Barcode | Date last seen | Price effective from | Koha item type |
|---|---|---|---|---|---|---|---|---|---|---|---|---|---|---|---|
| MACHAKOS UNIVERSITY LIBRARY | MACHAKOS UNIVERSITY LIBRARY | Open shelf | 06/02/2017 | Donation (B.F.A) | NC1002.L47L473 2002 | 33804 | 06/02/2017 | 06/02/2017 | Hard Covered Materials |